[Event "Titled Tue 26th Sep Early"]
[Site "chess.com INT"]
[Date "2023.09.26"]
[Round "9"]
[White "Goldin, A."]
[Black "Dreev, A."]
[Result "1-0"]
[WhiteElo "2542"]
[BlackElo "2606"]
[PlyCount "75"]
[EventDate "2023.09.26"]

1. Nf3 d5 2. g3 c6 3. Bg2 Bg4 4. O-O e6 5. d4 Nd7 6. c4 Bd6 7. Nc3 Ngf6 ({RR} 7... Ne7 8. b3 O-O 9. e4 dxc4 10. bxc4 e5 11. d5 Nc5 12. h3 Bh5 13. Be3 Qc7 14. g4 Bg6 15. Nh4 f6 16. Nf5 Rfd8 17. Qe2 Bf7 18. Nxd6 Qxd6 19. Rfd1 Ng6 20. dxc6 Qxc6 21. Nd5 Ne6 22. Rac1 {Goldin,A (2542)-Tang,A (2502) chess.com INT 2024 0-1 (64)}) 8. Qb3 Rb8 9. a4 $146 ({RR} 9. Nd2 O-O 10. e4 e5 11. dxe5 dxc4 12. Nxc4 Nxe5 13. Nxe5 Bxe5 14. Be3 Qa5 15. f3 Be6 16. Qc2 Rfd8 17. Rfd1 c5 18. Bf1 Rbc8 19. Rxd8+ Rxd8 20. Rd1 Bd4 21. Bxd4 cxd4 22. Nb5 Qb6 23. Qf2 Bxa2 {Matnadze,A (2364)-Alexandrova,O (2430) Elista 2004 ½-½ (75)}) ({RR} 9. Re1 O-O 10. e4 Bxf3 11. Bxf3 e5 12. exd5 exd4 13. Ne2 Re8 14. Bf4 Bxf4 15. Nxf4 Ne5 16. Bg2 Qd6 17. c5 Qxc5 18. Rxe5 Rxe5 19. dxc6 Qa5 20. cxb7 Re1+ 21. Rxe1 Qxe1+ 22. Bf1 Qe4 23. Bg2 Qb1+ {Salov,V (2665)-Kramnik,V (2740) Dos Hermanas 1997 ½-½}) ({RR} 9. h3 Bh5 10. cxd5 exd5 11. Nh4 O-O 12. Qc2 Re8 13. a3 Bg6 14. Nxg6 hxg6 15. Rd1 Nb6 16. Bg5 Qd7 17. b3 Nh7 18. Bd2 Nf6 19. e3 Qf5 20. Qxf5 gxf5 21. Ne2 Ra8 22. Nc1 a5 23. a4 Ne4 {Zou,C (2449)-Aitbayev,A (2369) Doha QAT 2024 0-1 (118)}) 9... O-O 10. Nd2 Qb6 11. Qxb6 axb6 12. e4 dxc4 13. e5 Bxe5 14. dxe5 Nxe5 15. f4 Nd3 16. Nxc4 Nd5 17. Nxd5 exd5 18. Ne5 Nxe5 19. fxe5 Rfe8 20. Bf4 Ra8 21. b3 d4 22. b4 Red8 23. b5 d3 24. Bd2 Bd7 25. bxc6 Bxc6 26. Rfb1 Ra6 27. Kf2 h6 28. Rb4 Rda8 29. Ra3 Rd8 30. Bf1 Ra5 31. Rxd3 Rda8 32. Bc3 Rxa4 33. Rxb6 Ra2+ 34. Rb2 R2a3 35. Bb4 Ra1 36. Bd6 R8a2 37. Rdd2 Ra3 38. Bg2 1-0

[Event "Titled Tue 26th Sep Late"]
[Site "chess.com INT"]
[Date "2023.09.26"]
[Round "5"]
[White "Yoo, Christopher Woojin"]
[Black "Harsha, B."]
[Result "1-0"]
[WhiteElo "2606"]
[BlackElo "2563"]
[PlyCount "93"]
[EventDate "2023.09.26"]

1. Nf3 d5 2. e3 Nf6 3. c4 e6 4. g3 Bd6 5. b3 O-O 6. Bg2 c6 7. Bb2 Re8 $146 ({RR} 7... Nbd7 8. O-O b6 9. d3 Bb7 10. Nbd2 e5 11. Qc2 Qe7 12. Rfe1 a5 13. Nh4 Rfe8 14. Nf5 Qf8 15. Nf3 Rac8 16. h3 c5 17. g4 d4 18. g5 Nh5 19. Nxe5 Bxe5 20. Bxb7 Rc7 21. Bd5 dxe3 22. fxe3 {Badacova,I (1847)-Borovicka,B (1992) Ostrava 2012 1-0 (31)}) 8. d4 b6 9. O-O Bb7 10. Nc3 Nbd7 11. Qc2 Qe7 12. Rad1 Rad8 13. Rfe1 Ba3 14. Bxa3 Qxa3 15. Qc1 Qxc1 16. Rxc1 a6 17. Red1 Rc8 18. Ne1 Red8 19. Nd3 Rc7 20. cxd5 cxd5 21. Nxd5 Nxd5 22. Rxc7 Nxc7 23. Bxb7 Rb8 24. Bf3 Nf6 25. Rc1 Nfe8 26. Ne5 b5 27. Nd7 Rd8 28. Nc5 Kf8 29. a4 bxa4 30. bxa4 Ke7 31. Rb1 Nd6 32. Rb6 a5 33. Nb3 Nd5 34. Ra6 Rb8 35. Bxd5 exd5 36. Nxa5 Rb1+ 37. Kg2 Ne4 38. Nc6+ Ke8 39. Ra8+ Kd7 40. Ne5+ Ke6 41. Ra6+ Ke7 42. Ra7+ Ke6 43. Rxf7 Ra1 44. Rxg7 Ra2 45. Nd3 Rxa4 46. Rxh7 Ra2 47. Nc5+ 1-0

[Event "TCh-ROU Superliga 2023"]
[Site "Eforie Nord ROU"]
[Date "2023.09.24"]
[Round "4.3"]
[White "Iordachescu, V."]
[Black "Parligras, M."]
[Result "1-0"]
[WhiteElo "2584"]
[BlackElo "2561"]
[PlyCount "77"]
[EventDate "2023.09.21"]
[EventType "team"]
[WhiteTeam "Vados IFB Finwest Arad"]
[BlackTeam "CSU ASE Bucuresti"]

1. Nf3 d5 2. g3 Nd7 3. d4 Nb6 4. Nc3 Bf5 5. Nh4 Bg4 6. h3 Bh5 7. Qd3 e6 8. e4 Nf6 9. Bg2 Be7 10. g4 $146 ({RR} 10. exd5 Nfxd5 11. Nxd5 Nxd5 12. Nf3 Bg6 13. Qb5+ c6 14. Qxb7 O-O 15. c3 Qa5 16. Qb3 c5 17. O-O Bf6 18. dxc5 Qxc5 19. Qa4 Rab8 20. Nd4 Rfc8 21. Nb3 Qb6 22. Bd2 Bc2 23. Rfc1 Bxb3 24. axb3 Qxb3 {Svane,R (2621)-Abdusattorov,N (2766) chess.com INT 2025 ½-½ (65)}) 10... dxe4 11. Nxe4 Nxe4 12. Qxe4 Bxh4 13. gxh5 c6 14. O-O Bf6 15. c3 O-O 16. Kh1 Nc4 17. Rg1 Kh8 18. Qe2 Nd6 19. Bf4 Qd7 20. Rad1 Rad8 21. Qg4 Rg8 22. Rde1 Nf5 23. Be4 Nd6 24. Bf3 Nf5 25. a3 Qc8 26. b4 b6 27. Be4 Nd6 28. Bxd6 Rxd6 29. Qf3 h6 30. Rg4 c5 31. Rf4 Bg5 32. Rxf7 cxd4 33. c4 Qxc4 34. h4 d3 35. hxg5 d2 36. Rd1 Rd4 37. Rxg7 Rxe4 38. Rh7+ Kxh7 39. g6+ 1-0

[Event "38th ECC Open 2023"]
[Site "Durres ALB"]
[Date "2023.10.03"]
[Round "3.11"]
[White "Gelfand, B."]
[Black "Gozzoli, Y."]
[Result "1-0"]
[WhiteElo "2655"]
[BlackElo "2569"]
[PlyCount "81"]
[EventDate "2023.10.01"]
[WhiteTeam "Rishon Lezion A"]
[BlackTeam "Aix-en-Provence"]

1. Nf3 d5 2. g3 Nf6 3. Bg2 Bf5 4. c4 e6 5. O-O Be7 6. Qb3 Qc8 7. Nc3 c6 8. d3 O-O 9. Be3 dxc4 $146 ({RR} 9... Nbd7 10. Nh4 Bg4 11. h3 Bh5 12. cxd5 exd5 13. Rac1 Nc5 14. Qa3 Nxd3 15. Qxe7 Nxc1 16. Rxc1 Re8 17. Qd6 Re6 18. Qf4 Qe8 19. Nf5 b6 20. Bd4 Rd8 21. g4 Bg6 22. Nxg7 Kxg7 23. g5 Kg8 24. Bxf6 {Galunov,T (2338)-Dyakov,V (2112) Plovdiv 2008 1-0 (37)}) 10. Qxc4 h6 11. b4 Nbd7 12. Rfc1 e5 13. Qb3 Be6 14. Qb2 Ng4 15. Bd2 f5 16. a4 Qe8 17. b5 c5 18. b6 a6 19. a5 Qh5 20. h3 Ngf6 21. Ra4 Bd6 22. Be1 c4 23. dxc4 Nc5 24. Raa1 e4 25. Nd4 Bd7 26. Nd5 f4 27. Nxf4 Bxf4 28. gxf4 Bxh3 29. Ra3 Bxg2 30. Kxg2 Nd3 31. exd3 Ng4 32. dxe4 Qh2+ 33. Kf1 Rxf4 34. Nf3 Qh1+ 35. Ke2 Raf8 36. Qb3 Rxe4+ 37. Kd2 Qf1 38. Kc2 Nxf2 39. Kb1 Qg2 40. Rc2 Qh1 41. Ka2 1-0

[Event "38th ECC Open 2023"]
[Site "Durres ALB"]
[Date "2023.10.06"]
[Round "6.10"]
[White "Ten Hertog, H."]
[Black "Smeets, J."]
[Result "1-0"]
[WhiteElo "2525"]
[BlackElo "2548"]
[PlyCount "55"]
[EventDate "2023.10.01"]
[WhiteTeam "Paul Keres 1"]
[BlackTeam "LSG Leiden"]

1. Nf3 d5 2. g3 Nf6 3. Bg2 e6 4. O-O b5 5. d3 Bb7 6. c4 a6 7. cxd5 exd5 ({RR} 7... Nxd5 8. a4 Be7 9. axb5 axb5 10. Rxa8 Bxa8 11. Qb3 c6 12. Nc3 O-O 13. Bd2 b4 14. Ne4 c5 15. Rc1 Nd7 16. Be1 Bb7 17. Qd1 h6 18. Ned2 N5b6 19. Ne5 Bxg2 20. Nxd7 Qxd7 21. Kxg2 Qd5+ 22. Kg1 {Artemiev,V (2699)-Mamedyarov,S (2762) chess24.com INT 2021 ½-½ (89)}) 8. Nbd2 $146 ({RR} 8. d4 Be7 9. b3 O-O 10. Bb2 Nbd7 11. Nc3 Bd6 12. e3 Qe7 13. Rc1 Rfe8 14. a4 b4 15. Ne2 a5 16. Nf4 Ne4 17. Re1 c6 18. Re2 Rac8 19. Rec2 Ndf6 20. Nd3 Rc7 21. Nfe5 Rec8 22. Bh3 Qe8 {Khismatullin,D (2617)-Andreikin,D (2736) Sochi 2016 ½-½ (47)}) ({RR} 8. d4 Bd6 9. Nbd2 Nbd7 10. Nb3 a5 11. Bd2 c6 12. Nc1 c5 13. dxc5 Nxc5 14. Nd4 b4 15. a3 bxa3 16. Rxa3 O-O 17. Nf5 Be5 18. b4 Nce4 19. bxa5 Nxd2 20. Qxd2 g6 21. Nd4 Ne4 22. Qb2 Qe7 {Le,Q (2739)-Saydaliev,S (2473) chess.com INT 2024 1-0 (49)}) 8... c5 9. Nb3 Be7 10. Nh4 g6 11. Bh6 Nbd7 12. e4 dxe4 13. dxe4 c4 14. e5 Ne4 15. Qe2 Ndc5 16. Nxc5 Nxc5 17. Bxb7 Nxb7 18. e6 Nc5 19. Rad1 Nd3 20. exf7+ Kxf7 21. Rfe1 Qd6 22. Qf3+ Bf6 23. Bf4 Qc5 24. b4 Qb6 25. Qd5+ Kg7 26. Qd7+ Kg8 27. Rxd3 cxd3 28. Bh6 1-0

[Event "76th ch-RUS 2023"]
[Site "St Petersburg RUS"]
[Date "2023.10.09"]
[Round "8.6"]
[White "Rozum, I."]
[Black "Lagno, Kateryna"]
[Result "1-0"]
[WhiteElo "2531"]
[BlackElo "2546"]
[PlyCount "193"]
[EventDate "2023.10.01"]

1. Nf3 d5 2. g3 Nf6 3. Bg2 c5 4. O-O Nc6 5. d4 cxd4 6. Nxd4 h6 7. c4 e5 8. Nxc6 bxc6 9. Nc3 d4 10. Ne4 $146 ({RR} 10. Bxc6+ Bd7 11. Bxa8 Qxa8 12. Nb5 Qb7 13. f3 Bc5 14. b4 Bxb4 15. Qb3 Bxb5 16. Qxb4 Bc6 17. Qd6 Nd7 18. Ba3 Kd8 19. Rab1 Qc7 20. Qe7+ Kc8 21. Bd6 Qd8 22. Qxf7 Qf6 23. Rb8+ Nxb8 24. Qc7# {1-0 (24) Rios Escobar,A (2234)-Chakravarthi Reddy,M (2278) chess.com INT 2023}) 10... Nxe4 11. Bxe4 Bd7 12. e3 Bc5 13. b4 Bxb4 14. exd4 O-O 15. Rb1 Bc3 16. Ba3 Re8 17. d5 cxd5 18. Bxd5 Be6 19. Qf3 Bxd5 20. cxd5 Bd4 21. Rb7 f5 22. Rc1 e4 23. Qxf5 e3 24. Kg2 exf2 25. d6 Re1 26. Qd5+ Kh8 27. Rf7 Rg1+ 28. Kh3 Bf6 29. Qf3 Rxc1 30. Bxc1 f1=Q+ 31. Qxf1 Qxd6 32. Qf5 Bd4 33. Bf4 Qc6 34. Rd7 Bf6 35. Bxh6 Re8 36. Bf4 Kg8 37. Rd6 Qc8 38. Qxc8 Rxc8 39. Ra6 Bd4 40. Kg4 Rc4 41. Kf5 Bb6 42. Bb8 Bg1 43. h3 Rc8 44. Be5 Kh7 45. Rd6 Rf8+ 46. Ke4 Rf7 47. g4 Re7 48. Kd5 Bf2 49. Re6 Rb7 50. Ke4 Bh4 51. Ra6 Bf2 52. Rc6 Rb4+ 53. Kf3 Bd4 54. Bxd4 Rxd4 55. Ra6 Rd3+ 56. Kg2 Rd7 57. h4 Rc7 58. h5 Rc4 59. Kg3 Rc3+ 60. Kh4 Rc7 61. a4 Rd7 62. a5 Rc7 63. Rg6 Rc5 64. a6 Rc3 65. Kg5 Rf3 66. Rd6 Rf7 67. Rc6 Rd7 68. Kf5 Rd5+ 69. Ke4 Rg5 70. Kf4 Ra5 71. Rg6 Ra4+ 72. Ke5 Ra5+ 73. Kd4 Rb5 74. Kc4 Ra5 75. Kb4 Ra1 76. Kb5 Ra2 77. Rd6 Rg2 78. Kc6 Rb2 79. Kc7 Rb5 80. Kc8 Rb4 81. Rd7 Rxg4 82. Rxa7 Ra4 83. Kb7 Kh6 84. Kb6 Rb4+ 85. Ka5 Rh4 86. Rb7 Rxh5+ 87. Rb5 Rh1 88. a7 Rf1 89. Kb4 Rb1+ 90. Kc5 Rc1+ 91. Kb6 Rc8 92. Kb7 Rf8 93. Ra5 g5 94. a8=Q Rxa8 95. Rxa8 Kh5 96. Kc6 g4 97. Kd5 1-0

[Event "Titled Tue 3rd Oct Early"]
[Site "chess.com INT"]
[Date "2023.10.03"]
[Round "8"]
[White "Nakamura, Hi"]
[Black "Melkumyan, H."]
[Result "1-0"]
[WhiteElo "2780"]
[BlackElo "2650"]
[PlyCount "87"]
[EventDate "2023.10.03"]

1. b3 d5 2. Nf3 c5 3. e3 a6 4. Bb2 Nc6 5. d4 cxd4 6. Nxd4 Nxd4 7. Bxd4 Nf6 8. Be2 e6 9. O-O Be7 10. Nd2 O-O 11. c4 Bd7 12. Bf3 Bc6 13. Rc1 $146 ({RR} 13. Qc1 Rc8 14. Qb2 dxc4 15. Bxc6 Rxc6 16. bxc4 Qc8 17. a4 Rd8 18. Rab1 a5 19. c5 e5 20. Bxe5 Rxc5 21. Nf3 Rc4 22. Rfc1 Rxc1+ 23. Rxc1 Qd7 24. Qb3 Ne4 25. Bd4 Bb4 26. Qc2 Nd6 27. Ng5 Qf5 {Letreguilly,O (2300)-Izsak,G (2445) Budapest 1995 ½-½ (63)}) 13... Rc8 14. Qe2 dxc4 15. Nxc4 Bxf3 16. Qxf3 Qd5 17. Qe2 Qb5 18. Qf3 Qd5 19. Bxf6 Qxf3 20. gxf3 gxf6 21. Nb6 Rxc1 22. Rxc1 Rb8 23. Nd7 Rd8 24. Rc7 b5 25. Ra7 a5 26. Rb7 a4 27. Kg2 Kg7 28. Nb8 Bd6 29. Nc6 Rc8 30. Nd4 axb3 31. axb3 Kg6 32. Nxb5 Bf8 33. f4 f5 34. Nd4 Rc1 35. b4 Rb1 36. b5 Rb2 37. Nc6 Bg7 38. b6 Bc3 39. Rb8 Be1 40. b7 Bxf2 41. Rg8+ Kf6 42. b8=Q Rxb8 43. Rxb8 Bxe3 44. Kf3 1-0

[Event "Titled Tue 3rd Oct Late"]
[Site "chess.com INT"]
[Date "2023.10.03"]
[Round "7"]
[White "Firouzja, Alireza"]
[Black "Bok, B."]
[Result "1-0"]
[WhiteElo "2777"]
[BlackElo "2621"]
[PlyCount "67"]
[EventDate "2023.10.03"]

1. Nf3 d5 2. b3 Bf5 3. Bb2 e6 4. g3 h6 5. Bg2 Nf6 6. O-O Be7 7. d3 O-O 8. Nbd2 Bh7 9. Re1 a5 10. a4 ({RR} 10. a3 Nbd7 11. e4 c6 12. Qe2 Qb6 13. e5 Ne8 14. h4 a4 15. b4 c5 16. Bc3 Nc7 17. bxc5 Bxc5 18. d4 Be7 19. Reb1 Qc6 20. Bb4 Bxb4 21. Rxb4 b5 22. Rc1 Rfb8 23. Qe3 Na6 24. Rbb1 b4 {Radjabov,T (2765)-Ding,L (2791) chess24.com INT 2020 ½-½ (58)}) 10... c6 11. e4 Nbd7 ({RR} 11... Na6 12. exd5 Nxd5 13. Nc4 Nab4 14. Qd2 c5 15. Nfe5 Bf6 16. f4 Qc7 17. Qf2 Rad8 18. Re2 Rb8 19. Rae1 Ne7 20. Na3 b6 21. Nb5 Qd8 22. Rd2 Qc8 23. Nd6 Qd8 24. Ne4 Bxe5 25. Bxe5 Rc8 26. Nd6 {Firouzja,A (2763)-Vitiugov,N (2668) London ENG 2024 1-0 (36)}) 12. h3 $146 ({RR} 12. Qe2 Qb6 13. Rad1 Rac8 14. h4 Ng4 15. Bh3 h5 16. Bxg4 hxg4 17. Ng5 dxe4 18. Nxh7 Kxh7 19. dxe4 Qc5 20. Qxg4 Bf6 21. e5 Bxe5 22. Bxe5 Nxe5 23. Qh5+ Kg8 24. Qxe5 Qxc2 25. Qe4 Qc3 26. Qe3 Qb4 {Sanal,V (2593)-Rosen,E (2359) Chess.com INT 2022 1-0 (41)}) 12... Qb6 13. Qe2 Rfc8 14. Rac1 Qd8 15. exd5 Nxd5 16. Nd4 Nc5 17. Ne4 Nb4 18. Nxc5 Bxc5 19. Nxe6 fxe6 20. Qxe6+ Kh8 21. Re4 Qd6 22. Qg4 Qg6 23. Qd7 Rd8 24. Qxb7 Rab8 25. Qc7 Bb6 26. Qe5 Re8 27. Qf4 Rf8 28. Qh4 Rxf2 29. Kh2 Qf7 30. Re7 Qf3 31. Rg1 Bd4 32. Bxd4 Rxc2 33. Rxg7 Nxd3 34. Rg4+ 1-0

[Event "Titled Tue 3rd Oct Late"]
[Site "chess.com INT"]
[Date "2023.10.03"]
[Round "9"]
[White "Kazakouski, Valery"]
[Black "Sarana, A."]
[Result "1-0"]
[WhiteElo "2564"]
[BlackElo "2682"]
[PlyCount "149"]
[EventDate "2023.10.03"]

1. Nf3 d5 2. c4 d4 3. b4 f6 4. e3 e5 5. c5 a5 6. Qa4+ Qd7 7. Bb5 c6 8. Bc4 dxe3 ({RR} 8... Na6 9. exd4 e4 10. b5 Nb4 11. a3 exf3 12. axb4 Qxd4 13. d3 Qe5+ 14. Be3 fxg2 15. Rg1 Ne7 16. Nd2 Bd7 17. bxa5 Nd5 18. d4 Qxh2 19. Nf3 Qh5 20. a6 Be7 21. axb7 Rxa4 22. Rxa4 O-O 23. Ra8 {Duda,J (2729)-Grischuk,A (2766) Paris 2019 1-0}) 9. fxe3 Qg4 10. Qb3 Qxg2 11. Rf1 $146 ({RR} 11. Rg1 Qxf3 12. Bxg8 Qh5 13. Nc3 axb4 14. Ne4 Qh4+ 15. Ng3 Nd7 16. d4 Qxh2 17. Kf1 Rxg8 18. Qxg8 Nxc5 {0-1 (18) Mekhitarian,K (2554)-Sarana,A (2695) chess.com INT 2024}) 11... Nh6 12. Nc3 axb4 13. Ne4 Na6 14. d4 Bg4 15. Be2 exd4 16. Rg1 Qh3 17. Nf2 Qh5 18. Nxg4 Nxg4 19. Qe6+ Be7 20. Qxg4 Qxg4 21. Rxg4 Nxc5 22. Nxd4 g6 23. Bd2 b3 24. Bc4 b5 25. Bxb3 Nxb3 26. Nxb3 c5 27. Rc1 Kf7 28. Nxc5 Rxa2 29. Rb4 Rb8 30. Rb3 Rd8 31. Rd3 Bd6 32. Ke2 Be7 33. Rxd8 Bxd8 34. Rb1 Ba5 35. Nb3 Bc7 36. h3 Bd6 37. Nd4 b4 38. Kd3 Ra3+ 39. Ke2 Ra2 40. Kd3 Ra3+ 41. Kc4 Be7 42. Rb3 Ra2 43. Bxb4 Bxb4 44. Kxb4 g5 45. Kc4 Rh2 46. e4 Kg6 47. Kd5 Rd2 48. Rf3 h5 49. Rg3 Rd1 50. Rf3 Rd2 51. Kc4 Rd1 52. Ra3 Re1 53. Kd5 Rd1 54. Rg3 Rd2 55. Rg1 Kf7 56. Rg3 Kg6 57. Rc3 Rd1 58. Rc6 Rd3 59. e5 Rxh3 60. Rxf6+ Kh7 61. Nf5 Rd3+ 62. Ke6 h4 63. Rh6+ Kg8 64. Rg6+ Kh7 65. Rg7+ Kh8 66. Rxg5 h3 67. Kf6 Rf3 68. e6 h2 69. e7 Re3 70. Rh5+ Kg8 71. Rxh2 Re6+ 72. Kg5 Rg6+ 73. Kf4 Re6 74. Rg2+ Kf7 75. Rg3 1-0

[Event "Titled Tue 3rd Oct Late"]
[Site "chess.com INT"]
[Date "2023.10.03"]
[Round "11"]
[White "Rasulov, Vu"]
[Black "Rustemov, A."]
[Result "1-0"]
[WhiteElo "2560"]
[BlackElo "2525"]
[PlyCount "103"]
[EventDate "2023.10.03"]

1. Nf3 {Huebner,Robert} d5 2. c4 c6 3. e3 Nf6 4. Nc3 a6 5. d4 Bf5 6. Qb3 Ra7 ({RR} 6... b5 7. cxd5 Nxd5 ({RR} 7... cxd5 8. a4) 8. e4 Nxc3 9. exf5 Nd5 10. Bd3) 7. Bd2 e6 8. Be2 ({RR} 8. a4 a5 9. Be2 h6 10. O-O ({RR} 10. c5) 10... Bd6 11. Ne5 O-O 12. Rac1 Nbd7 13. f4 Ne4 14. Nxe4 Bxe4 15. Bf3 ({RR} 15. Be1) 15... Nf6 ({RR} 15... Bxe5 16. fxe5 dxc4 17. Qxc4 Nxe5 18. Qc5 Nxf3+ 19. gxf3 b6 20. Qc3 Bf5 21. Qxc6 e5 22. d5) 16. Be1 Bh7 17. Bh4 Be7 18. Bxf6 Bxf6 19. Rf2 Bxe5 ({RR} 19... Be7) 20. fxe5 Bg6 21. cxd5 cxd5 22. Rc3 ({RR} 22. Rff1 b6 23. Rc6 Rc7 24. Qxb6 Rxc6 25. Qxc6 Qb8 26. Qc3 Rc8 27. Qxa5 Qxb2) 22... b6 {Jussupow,A (2622)-Anand,V (2755) Bastia 2002 CBM 092 [Huebner,Robert] 0-1 (59)} {RR} 23. Rf1 Rc7 24. Qxb6 ({RR} 24. Rfc1 Rxc3 25. Rxc3 Qd7) 24... Rxc3 25. Qxd8 Rxd8 26. bxc3 Rb8 27. Rc1 Bd3) ({RR} 8. Nh4 Bg6 9. Be2 Nbd7 10. Nxg6 hxg6 11. O-O-O Be7 12. Qc2 dxc4 13. Bxc4 b5 14. Be2 c5 15. dxc5 Nxc5 16. Kb1 Rc7 17. Bc1 Qc8 18. Bf3 Na4 19. Rd3 Nxc3+ 20. Rxc3 Rxc3 21. Qxc3 Qxc3 22. bxc3 Kd7 {Rasulov,V (2551)-Senft,S (2054) chess.com INT 2024 1-0 (57)}) 8... Bd6 ({RR} 8... Be7 9. O-O dxc4 10. Bxc4 b5 11. Be2 Nbd7 12. a4 b4 13. Na2 a5 14. Rfd1 O-O 15. Nc1 c5 16. Nd3 Qb6 17. Rac1 Rc7 18. dxc5 Bxc5 19. Be1 Be4 20. Nde5 Nxe5 21. Nxe5 Bd5 22. Bc4 Rfc8 23. Bxd5 {Duson,R (2159)-Sharma,D (2200) Groningen NED 2024 0-1 (43)}) 9. h3 $146 ({RR} 9. c5 Bc7 10. Qa3 Nbd7 11. b4 O-O 12. b5 Ba5 13. bxc6 bxc6 14. O-O Bc7 15. Qa4 Qa8 16. Nh4 Bg6 17. Nxg6 hxg6 18. f4 Ne4 19. Nxe4 dxe4 20. Rfb1 Nf6 21. Rb3 Nd5 22. Bc4 a5 23. Rab1 Rc8 {Zerafa,P (2046)-Przerwa,W (1780) Lazy 2017 ½-½ (48)}) 9... O-O 10. a4 a5 11. O-O Na6 12. c5 Bc7 13. Bxa6 bxa6 14. Ne2 Qb8 15. Qxb8 Rxb8 16. Bc3 Rab7 17. Nd2 Bd3 18. Rfe1 Ne4 19. Nxe4 dxe4 20. Nc1 Bc4 21. Ne2 f5 22. f3 Bd5 23. Kf2 Kf7 24. f4 h5 25. g4 hxg4 26. hxg4 Rh8 27. Rh1 Rbb8 28. g5 Bb3 29. Ng3 Kg6 30. Rxh8 Rxh8 31. Kg2 Rh4 32. Nf1 Kf7 33. Be1 Rh8 34. Nd2 Bc2 35. Nc4 Rb8 36. Bxa5 Bxa5 37. Nxa5 Rxb2 38. Kg3 Bd3 39. Re1 Ra2 40. Nxc6 Rxa4 41. Ne5+ Ke7 42. Rh1 Ra2 43. Rh7 Kf8 44. Rh8+ Ke7 45. Rg8 Re2 46. Rxg7+ Ke8 47. c6 Rxe3+ 48. Kh4 Bf1 49. g6 Rh3+ 50. Kg5 Rc3 51. Kf6 e3 52. Rg8# 1-0

[Event "Titled Tue 10th Oct Early"]
[Site "chess.com INT"]
[Date "2023.10.10"]
[Round "5"]
[White "Svane, R."]
[Black "Pourramezanali, A."]
[Result "1-0"]
[WhiteElo "2646"]
[BlackElo "2505"]
[PlyCount "135"]
[EventDate "2023.10.10"]

1. Nf3 d5 2. g3 Bg4 3. Bg2 Nd7 4. O-O e6 5. h3 Bh5 6. d4 Bd6 7. c4 c6 8. Nc3 ({RR} 8. cxd5 exd5 9. Bf4 Bxf4 10. gxf4 Qf6 11. e3 Ne7 12. Nbd2 O-O 13. Qb3 Nb6 14. a4 Rab8 15. a5 Nd7 16. Rac1 Nf5 17. a6 bxa6 18. Qa4 Rb6 19. Rc2 Bg6 20. Rc3 Ne7 21. Rfc1 Rxb2 22. Qxa6 Ra8 {Suleymanli,S (2226)-Holt,C (2540) chess.com INT 2024 1-0 (31)}) 8... Ngf6 9. Qb3 Rb8 10. Nd2 O-O $146 ({RR} 10... Bg6 11. e4 dxe4 12. Ndxe4 Nxe4 13. Nxe4 Bxe4 14. Bxe4 O-O 15. Be3 Nf6 16. Bf3 Qa5 17. Rad1 h6 18. Rfe1 Rfc8 19. a3 b5 20. c5 Bf8 21. Bf4 Ra8 22. g4 Nd5 23. Bg3 Rd8 24. h4 Be7 25. Be4 {Royal,S (2427)-Fus,J (2417) Przeworsk POL 2023 1-0 (59)}) 11. e4 dxe4 12. Ndxe4 Nxe4 13. Nxe4 Bc7 14. Bg5 Qc8 15. Be7 Re8 16. Nd6 Bxd6 17. Bxd6 Ra8 18. Rfe1 Nf6 19. Be5 Qd7 20. Bxf6 gxf6 21. d5 exd5 22. cxd5 cxd5 23. Bxd5 Rxe1+ 24. Rxe1 Rd8 25. Bxb7 Qxh3 26. Qc3 Qd7 27. Bg2 Kg7 28. b4 Qd2 29. Qxd2 Rxd2 30. a4 Ra2 31. Bc6 Rb2 32. b5 Ra2 33. Kg2 Bg6 34. Re7 Bc2 35. Rxa7 Rxa4 36. b6 Be4+ 37. Bxe4 Rxe4 38. Rb7 Rb4 39. Rb8 Rb3 40. f3 f5 41. g4 h5 42. gxf5 Kf6 43. Kg3 Kxf5 44. Kg2 Kf4 45. Rf8 f5 46. Rf6 Rb2+ 47. Kh3 Rb1 48. Kg2 Rb2+ 49. Kh3 Rb1 50. Kg2 h4 51. Kh2 Rb2+ 52. Kh3 Rb1 53. Kg2 Rb3 54. Kh2 Rxf3 55. b7 Rb3 56. Rf7 Rb2+ 57. Kh3 Rb3+ 58. Kxh4 Ke4 59. Kg5 Rg3+ 60. Kh4 Rg8 61. Rc7 Kf4 62. Rc8 Rg4+ 63. Kh3 Rg3+ 64. Kh4 Rg1 65. Kh3 Rh1+ 66. Kg2 Rb1 67. b8=Q+ Rxb8 68. Rxb8 1-0

[Event "Titled Tue 10th Oct Early"]
[Site "chess.com INT"]
[Date "2023.10.10"]
[Round "6"]
[White "Pranav, Anand"]
[Black "Xu, Yi"]
[Result "1-0"]
[WhiteElo "2509"]
[BlackElo "2500"]
[PlyCount "65"]
[EventDate "2023.10.10"]

1. Nf3 d5 2. e3 Nf6 3. c4 e6 4. b3 b6 5. Bb2 Bb7 6. cxd5 exd5 7. Be2 ({RR} 7. Nc3 Nbd7 8. d4 a6 9. Bd3 Bd6 10. O-O O-O 11. Rc1 Ne4 12. Rc2 Qe7 13. Qc1 Ndf6 14. Ne2 c5 15. Ng3 Nxg3 16. hxg3 Ne4 17. dxc5 bxc5 18. Bxe4 dxe4 19. Nd2 Rad8 20. Nc4 Bc7 21. Ba3 Rd5 {Karjakin,S (2785)-Fressinet,L (2672) Doha 2016 1-0 (33)}) ({RR} 7. g3 Nbd7 8. Bg2 Bd6 9. O-O O-O 10. Nc3 a6 11. Nh4 Re8 12. Rc1 Bf8 13. Rc2 Rc8 14. Qa1 c5 15. Ne2 b5 16. d3 Qb6 17. Rfc1 Rcd8 18. a4 Rc8 19. a5 Qd8 20. Nf3 Rc7 21. Nf4 Bd6 {Zwardon,V (2442)-Polak,T (2472) Czech Republic CZE 2025 0-1 (41)}) 7... Nbd7 8. O-O Bd6 9. Nd4 a6 $146 ({RR} 9... c5 10. Nf5 Bf8 11. d4 g6 12. Ng3 Bg7 13. Nc3 O-O 14. Rc1 cxd4 15. exd4 a6 16. Qd2 Rc8 17. Bf3 Re8 18. Na4 Qe7 19. Bc3 Ne4 20. Bxe4 dxe4 21. d5 e3 22. Qxe3 {½-½ (22) Kiik,K (2422)-Valkama,E (2050) Naantali 2014}) 10. Nf5 Bf8 11. Nc3 g6 12. Ng3 Bd6 13. f4 Qe7 14. a4 O-O-O 15. a5 b5 16. Nxb5 axb5 17. Bxb5 Ne4 18. a6 Ba8 19. a7 Nb6 20. Qc2 Nxg3 21. hxg3 Qe4 22. Bd3 Qe8 23. Ra6 Qc6 24. Qb1 d4 25. e4 f5 26. Rc1 Qb7 27. Bxd4 c5 28. Bxc5 Bxc5+ 29. Rxc5+ Kd7 30. Qb2 fxe4 31. Qg7+ Ke6 32. Qe5+ Kf7 33. Rc7+ 1-0

[Event "Titled Tue 10th Oct Early"]
[Site "chess.com INT"]
[Date "2023.10.10"]
[Round "10"]
[White "Andreikin, D."]
[Black "Carlsen, M."]
[Result "1-0"]
[WhiteElo "2729"]
[BlackElo "2839"]
[PlyCount "131"]
[EventDate "2023.10.10"]

1. Nf3 e6 2. c4 b6 3. g3 Bb7 4. Bg2 g6 5. d4 Bg7 6. Nc3 Nf6 7. d5 O-O 8. O-O Na6 $146 ({RR} 8... d6 9. Rb1 e5 10. e4 a5 11. b3 Na6 12. a3 Nc5 13. Ne1 Qe8 14. Be3 a4 15. b4 Nb3 16. Nxa4 Qxa4 17. Qxb3 Qxa3 18. f3 Rfb8 19. Nd3 Bc8 20. Rfc1 Qxb3 21. Rxb3 Bd7 22. Bf1 Ne8 23. g4 {Jackson,J (2357)-Ernst,S (2512) Stafford ENG 2024 0-1 (44)}) 9. Nd4 e5 10. Nc2 d6 11. e4 Bc8 12. b4 Nd7 13. Bb2 Nab8 14. Qd2 a5 15. a3 Nf6 16. Rae1 Nbd7 17. Nb5 Ba6 18. Bc3 Bxb5 19. cxb5 axb4 20. axb4 h5 21. Ra1 Rxa1 22. Rxa1 Kh7 23. Qd3 Bh6 24. Qc4 Qb8 25. Bh3 Rd8 26. Kg2 Bg7 27. f3 Bh6 28. Qc6 Nf8 29. Ne1 Ng8 30. Qc4 Nd7 31. Qa2 Ndf6 32. Nd3 Be3 33. Re1 Bh6 34. Ra1 Re8 35. Qa7 Qd8 36. Qb7 Ne7 37. Ra7 g5 38. Nf2 g4 39. fxg4 hxg4 40. Bxg4 Be3 41. Bf3 Bxf2 42. Kxf2 Nc8 43. Ra8 Qd7 44. Kg2 Kg6 45. Qc6 Qe7 46. Qb7 Qd7 47. Qc6 Qe7 48. Rb8 Qf8 49. Qxc7 Qh6 50. Rxc8 Rxc8 51. Qxc8 Qe3 52. Qf5+ Kg7 53. Be1 Qxe1 54. Qg5+ Kf8 55. Qxf6 Qxb4 56. Qd8+ Kg7 57. Qxb6 Qb2+ 58. Qf2 Qxb5 59. Bg4 Qd3 60. Bf5 Qd1 61. h4 Qd3 62. Qf3 Qd2+ 63. Kh3 Qe1 64. Bg4 Qc1 65. Bh5 Kh6 66. g4 1-0